New Hampshire's original 5 counties - Statistics

General Stats
  • This quiz has been taken 5 times
  • The average score is 3 of 5
Answer Stats
Answer % Correct
Grafton
80%
Hillsborough
80%
Rockingham
80%
Cheshire
60%
Strafford
20%
No matching quizzes found
Score Distribution
Percent of People with Each Score
Percentile by Number Answered
Your Score History
You have not taken this quiz